Enigmes - Combien pourrez-vous en résoudre. #1 - Statistiques

Statistiques générales
  • Ce quiz a été pris 1 753 fois
  • Le résultat moyen est 4 sur 6
Statistiques - réponses
Par images Hint Réponse % Correct
Trouvez le résultat de la dernière ligne. 15
86%
Réfléchissez et observez Le N
81%
Quelle maison est différente ? 4
78%
Animal : 447233 Girafe
55%
Le pays ou elle se cache est dissimulé dans cette lettre. Brésil
51%
Evidemment, il ne s'agit pas d'une simple addition ! 19
18%
Aucun quiz correspondant
Distribution des résultats
% des personnes avec chaque résultat
Percentile par nombre de réponses
Votre historique - résultats
Vous n’avez pas pris ce quiz